| 000 | 00000nam##2200000za#4500 |
| 001 | 9.558305 |
| 003 | CaOODSP |
| 005 | 20230131161132 |
| 007 | cr ||||||||||| |
| 008 | 150406|2003||||xxc|||||o f|0| 0 eng|d |
| 020 | |a0-662-33298-9 |
| 040 | |aCaOODSP|beng |
| 043 | |an-cn--- |
| 086 | 1 |aM44-2003/A3E-IN |
| 110 | 2 |aGeological Survey of Canada. |
| 245 | 10|aGeology of the Atnarko metamorphic complex, southern Tweedsmuir Park, west-central British Columbia / |h[electronic resource]|c[by] S.A. Israel and L.A. Kennedy. |
| 260 | |aOttawa - Ontario : |bNatural Resources Canada. |c2003. |
| 300 | |a10p.|bfigs., maps (some coloured), references, photographs |
| 490 | 1 |aCurrent research 2003|v2003-A3 |
| 546 | |a(Résumé en français.) |
| 590 | |a14-04-Supp|b2014-02-05 |
| 830 | #0|aCurrent research (Geological Survey of Canada)|v2003-A3|w(CaOODSP)9.506236 |
| 856 | 40|ahttp://publications.gc.ca|qPDF|s2.69 MB|uhttps://publications.gc.ca/collections/collection_2013/rncan-nrcan/M44-2003-A3-eng.pdf|y2003-A3 |